Представление документа в формате RUSMARC

ПолеНазваниеЗначение
  Тип записи a
  Библиографический уровень m
001 Контрольный номер RU/УОНБ/EK/695128341
005 Дата корректировки 20240131005727.1
010 Индекс ISBN __
a ISBN 978-5-907171-32-9
d Цена 850 р.
9 Тираж 1500 экз.
b Уточнения в пер.
100 Данные общей обработки __
a Данные общей обработки 20220110d2021 u y0rusy0189||||ca
101 Язык документа 0_
a Язык текста rus
102 Страна публикации __
a Страна публикации RU
105 Кодированные данные (монография) __
a Кодированные данные (монография) a z 000yy
200 Заглавие и сведения об ответственности 1_
a Заглавие 25 глав моей жизни
f Первые сведения об ответственности великая княгиня Ольга Александровна
210 Выходные данные 1_
d Дата издания 2021
a Место издания Москва
c Издательство Кучково поле
215 Физическое описание __
a Объем 321, [4] с.
c Иллюстрации/тип воспроизводства ил., портр., цв. ил.
d Формат 24 см
320 Библиография __
a Библиография Указ. имен: с. 313-321
333 Примечание о целевом назначении __
a Примечание о целевом назначении 12+
600 Персоналии _1
a Персоналии (Фамилия) Романовы
606 Тематические рубрики 0_
a Основная рубрика Проза автобиографическая (х. л.)
607 Географические рубрики __
a Географическое наименование Россия
x Тематический подзаголовок История
z Хронологический подзаголовок 19 - нач. 20 вв.
j Формальный подзаголовок Воспоминания и записки
610 Ключевые слова 0_
a Ключевые слова проза автобиографическая
610 Ключевые слова 0_
a Ключевые слова Россия - история 19 - нач. 20 вв.
610 Ключевые слова 0_
a Ключевые слова Романовы (династия)
610 Ключевые слова 0_
a Ключевые слова Ольга (великая княгиня)
686 Индексы других классификаций __
a Классификационный индекс 63.3(2)522ю14
2 Код системы rubbk
686 Индексы других классификаций __
a Классификационный индекс 84Р2-49
2 Код системы rubbk
700 Автор _0
a Фамилия Ольга Александровна (великая княгиня)
801 Источник записи _0
a Страна RU
b Организация Ульяновская ОНБ
c Дата составления 20220110
g Правила каталогизации RCR
801 Источник записи _1
a Страна RU
b Организация Ульяновская ОНБ
c Дата составления 20220110
g Правила каталогизации RCR
901 Тип документа __
t Тип документа m
909 Создатель записи __
a Создатель записи Горбункова
b Дата создания записи 20220125
938 Служебная информация __
a Имя БД books
b Имя библиотеки УОНБ
c Имя АИБС МАРК-SQL
d Номер DOC_ID в БД 357229